Jean-Marie Beyssade (1936-2016) (notice n° 1659051)
[ vue normale ]
| 000 -LEADER | |
|---|---|
| fixed length control field | 01748cam a2200169 4500500 |
| 005 - DATE AND TIME OF LATEST TRANSACTION | |
| control field | 20260208010946.0 |
| 041 ## - LANGUAGE CODE | |
| Language code of text/sound track or separate title | fre |
| 042 ## - AUTHENTICATION CODE | |
| Authentication code | dc |
| 100 10 - MAIN ENTRY--PERSONAL NAME | |
| Personal name | Kambouchner, Denis |
| Relator term | author |
| 245 00 - TITLE STATEMENT | |
| Title | Jean-Marie Beyssade (1936-2016) |
| 260 ## - PUBLICATION, DISTRIBUTION, ETC. | |
| Date of publication, distribution, etc. | 2018.<br/> |
| 500 ## - GENERAL NOTE | |
| General note | 94 |
| 520 ## - SUMMARY, ETC. | |
| Summary, etc. | Il s’agit des aspects physiologiques, psychiques, voire « métaphysiques » du fait de rire et non, comme chez beaucoup d’auteurs, à commencer par Bergson, des causes du rire, par exemple le comique. À partir du rire sarcastique, on prend en compte une éventuelle culpabilité liée au rire comme « morsure », donc comme source de remords et de névrose. Mais, au-delà de la catharsis négative de type freudien, tout rire apparaît comme renvoyant aux premières figures d’attachement, en particulier au sourire de la mère, comme le dit la 4e Bucolique de Virgile. |
| 520 ## - SUMMARY, ETC. | |
| Summary, etc. | Contrary to what can be found in many authors – most notably Bergson – who are primarily interested in the causes of laughter, for instance the comical, this paper deals with the physiological, psychological, and even “metaphysical,” aspects of laughter. Starting with sarcastic laughter, the likely culpability associated with laughter conceived as a “sting”, hence as a source of remorse and neurosis, is taken into account. Yet, beyond Freud’s negative catharsis, one finds that all kinds of laughter relate to the original figures of attachment, and particularly the smile of the mother, as described in Virgil’s 4th Bucolic. |
| 786 0# - DATA SOURCE ENTRY | |
| Note | Revue philosophique de la France et de l'étranger | 143 | 2 | 2018-04-27 | p. 305-308 | 0035-3833 |
| 856 41 - ELECTRONIC LOCATION AND ACCESS | |
| Uniform Resource Identifier | <a href="https://shs.cairn.info/revue-philosophique-2018-2-page-305?lang=fr&redirect-ssocas=7080">https://shs.cairn.info/revue-philosophique-2018-2-page-305?lang=fr&redirect-ssocas=7080</a> |
Pas d'exemplaire disponible.




Réseaux sociaux